00985nam a22002537a 45000010005000000030006000050050017000110080041000280200018000690400029000870500015001160820009001311000022001402450037001622500047001992600038002463000044002845050008003285200288003365210020006245210020006446500027006647000040006914837FISKH20241017123755.0241017b cb ||||| |||| 00| 0 eng d a9780545288408 aFISKHbengcFISKHdFISKH aPZ7.W69057 a547  aWilson, Diane Lee aFirehorse /cby Diane Lee Wilson aFirst Scholastic printing , September 2010 aScholastic : bNew York ;c2006 . a325 pages : billustrations ;c20 cm .  aU  aSpirited fifteen-year-old horse lover Rachel Selby determines to become a veterinarian, despite the opposition of her rigid father, her proper mother, and the norms of Boston in 1872, while that city faces a serial arsonist and an epidemic spreading through its firehorse population.8 a840 bLexile 8 aU bRaz-Plus  acoming of age vfition aMcCartney, Michael eBook Designer